000 00563nam a2200193Ia 4500
003 GCL
008 140319s9999 xx 000 0 ara d
040 _aGCL /
_cGCL
082 0 4 _a320.11
_bع ش
100 1 _aعمر احمد قدور
245 1 0 _aشكل الدولة دائرة فى تنظيم مرفق الامن /
_cعمر احمد قدور
260 _a[S.N] :
_bمكتبة مدبولى ،
_c1994
300 _a433 ص
490 _a
650 0 4 _aالامن القومى
650 0 4 _aالجغرافيا
650 0 4 _aالدولة
942 _2ddc
_cBK
999 _c30983
_d30983